Vásárlói szokások elemzése és hatása a kereskedelmi gazdálkodásra

Bibliográfiai részletek
Szerző: Surányi Szonja Anna
További közreműködők: Sólyomfi Dr. Andrea Hanna
Dokumentumtípus: Projektmunka
Kulcsszavak:fogyasztói szokás
gazdaság
kereskedelem
logisztika
piackutatás
Online Access:http://dolgozattar.uni-bge.hu/59792

MARC

LEADER 00000nnm a2200000 i 4500
001 dolg59792
005 20260409145553.0
008 260409suuuu hu o 000 hun d
040 |a BGE Dolgozattár Repozitórium  |b hun 
041 |a hu 
100 1 |a Surányi Szonja Anna 
245 1 0 |a Vásárlói szokások elemzése és hatása a kereskedelmi gazdálkodásra  |c Surányi Szonja Anna  |h [elektronikus dokumentum] 
516 |a Project_work 
520 3 |a A szakdolgozatomban a vásárlói szokások elemzésével és azok kereskedelmi gazdálkodásra gyakorolt hatásával foglalkoztam. A téma aktualitását a folyamatosan változó fogyasztói igények, az infláció, valamint az online vásárlás térnyerése adta. A dolgozat elméleti részében bemutattam a vásárlói magatartás alapjait, a kereskedelem és gazdálkodás fogalmait, majd gyakorlati példaként a keszthelyi Z+D Nagykereskedelmi és Diszkont Kft. működését elemeztem.Kérdőíves kutatást végeztem, amelyben 80 fő válaszait dolgoztam fel, különböző korcsoportok vásárlási szokásait vizsgálva. Arra kerestem a választ, hogy milyen tényezők befolyásolják a vásárlási döntéseket, milyen arányban választják a személyes vagy az online vásárlást, és hogyan hat mindez a kereskedelmi stratégiákra. Eredményeim alapján megállapítottam, hogy a digitális vásárlás egyre nagyobb szerepet kap, de a személyes vásárlás jelentősége sem csökkent. Kiemelten foglalkoztam a fenntarthatóság kérdésével is, mivel a vásárlók egyre tudatosabban választanak környezetbarát megoldásokat. A dolgozatomban gyakorlati javaslatokat is megfogalmaztam a kereskedelmi vállalkozások számára a változó vásárlói igényekhez való alkalmazkodásra. 
695 |a fogyasztói szokás 
695 |a gazdaság 
695 |a kereskedelem 
695 |a logisztika 
695 |a piackutatás 
700 1 |a Sólyomfi Dr. Andrea Hanna  |e ths 
856 4 0 |u http://dolgozattar.uni-bge.hu/59792/1/V%C3%A1s%C3%A1rl%C3%B3i%20szok%C3%A1sok%20elemz%C3%A9se%20%C3%A9s%20hat%C3%A1sa%20a%20kereskedelmi%20gazd%C3%A1lkod%C3%A1sra.pdf  |z Dokumentum-elérés 
856 4 0 |u http://dolgozattar.uni-bge.hu/59792/2/V%C3%A1s%C3%A1rl%C3%B3i%20szok%C3%A1sok%20elemz%C3%A9se%20%C3%A9s%20hat%C3%A1sa%20a%20kereskedelmi%20gazd%C3%A1lkod%C3%A1sra.pdf  |z Dokumentum-elérés 
856 4 0 |u http://dolgozattar.uni-bge.hu/59792/3/Sur%C3%A1nyi%20Szonja%20Anna%20V%C3%A1s%C3%A1rl%C3%B3i%20szok%C3%A1sok%20elemz%C3%A9se%20%C3%A9s%20hat%C3%A1sa.pdf  |z Dokumentum-elérés